000 01963cam a22005297i 4500
005 20230809084627.0
008 130709t20132013enka 001 0 eng d
010 _a 2012554898
015 _aGBB2C5047
_2bnb
016 7 _a016229480
_2Uk
020 _a9781118380093 (pbk.)
020 _a1118380096 (pbk.)
020 _a1299465188
020 _z9781118380550 (eMobi)
035 _a(OCoLC)ocn821698076
040 _aUKMGB
_beng
_cUKMGB
_erda
_dOCLCO
_dYDXCP
_dBWX
_dIUO
_dCHVBK
_dSOI
_dOCLCF
_dOCLCQ
_dOCLCA
_dCDN
_dLND
_dDLC
042 _alccopycat
050 0 0 _aQA76.76.A65
_bC675 2013
082 0 4 _a005.3684
_223
_bCOS-P
100 1 _aCoskun, Vedat,
245 1 0 _aProfessional NFC application development for Android /
_cVedat Coskun, Kerem Ok, Busra Ozdenizci.
260 _aUSA
_bWiley
_c2013
264 1 _aChichester, West Sussex :
_bWrox, a Wiley brand,
_c[2013]
264 4 _c©2013
300 _axxiv, 283 pages :
_billustrations ;
_c24 cm
336 _atext
_btxt
_2rdacontent
337 _aunmediated
_bn
_2rdamedia
338 _avolume
_bnc
_2rdacarrier
500 _aIncludes index.
650 0 _aNear-field communication.
650 0 _aApplication software
_xDevelopment.
650 0 _aMobile computing.
650 7 _aApplication software
_xDevelopment.
_2fast
_0(OCoLC)fst00811707
650 7 _aMobile computing.
_2fast
_0(OCoLC)fst01024221
650 7 _aNear field communication.
_2fast
_0(OCoLC)fst01748944
650 7 _aAndroid.
_2gnd
650 7 _aApp.
_2gnd
650 7 _aMobile Computing.
_2gnd
650 7 _aNahfeldkommunikation.
_2gnd
700 1 _aOk, Kerem,
700 1 _aOzdenizci, Busra,
856 4 1 _uhttp://0-lib.myilibrary.com.emu.londonmet.ac.uk/browse/open.asp?ID=477768
_zE-book - Full text from MyiLibrary
906 _a7
_bcbc
_ccopycat
_d2
_encip
_f20
_gy-gencatlg
999 _c33213
_d33213